Petit Bac - Lettre Q - Statistiques

Statistiques générales
  • Ce quiz a été pris 2 084 fois
  • Le résultat moyen est 4 sur 10
Statistiques - réponses
Catégories : Réponses en Q % Correct
Prénom Qacim / Qaïs / Qamar / Qasim / Qassem / Qassim / Qassym / Qayim / Qays / Qayyim / Qetsia / Qiyam / Quang / Quang-Minh / Quantin / Quassim / Queen / Queency / Queenie / Quentin / Quentinette / Quentyn / Quetty / Quilicus / Quillian / Quincy / Quincy / Quintino / Quinto / Quirin / Quirin / Quiterie / Quitterie / Quoc / Quorentin / Qusay / Quy / Quynh
98%
Pays Qatar
76%
Objet Quad / Quartz / Queue de billard / Quille / Quilles / Quittance / quenouille / Quarter / Quadricycle / Quincaille / Quetsche / Quatre-quarts / Quadrille / Quadrige / Quat / Quadrillion / Questionnaire / Quinquet / Quenotte / Quadrimoteur / Quire / Quadrilatère / Quantificateur / Quartefeuille / Quercétol / Quatre-mâts / Quignon / Quibus
70%
Marque Quick / QuoVadis / Quézac / Quadro / Qantas / Qipao / QUB / Quicksilver / Quiès / Quo Vadis / Qwest / Qoros Auto Co / Queen / Qvale / Quechua / QSC / QNB / Quersus
46%
Sport Qi gong / Quad / Quilles / Qwan Ki Do / Quidditch
39%
Fruit ou Légume Quetsche / Quenette / Quinoa
31%
Animal Quetzal / Quiscale / Quiscale / Quokka / Quelea / Quoll / Quinnat
27%
Partie du corps Quadriceps
20%
Métier Qualiticien / Questeur / Quilleur / Quincaillier
16%
Vêtement Qamis / Qipao / Queue-de-morue / Queue-de-pie
8%
Aucun quiz correspondant
Distribution des résultats
% des personnes avec chaque résultat
Percentile par nombre de réponses
Votre historique - résultats
Vous n’avez pas pris ce quiz